MARC details
| 001 - CONTROL NUMBER |
| control field |
23834510 |
| 003 - CONTROL NUMBER IDENTIFIER |
| control field |
0000 |
| 005 - DATE AND TIME OF LATEST TRANSACTION |
| control field |
20251017121323.0 |
| 008 - FIXED-LENGTH DATA ELEMENTS--GENERAL INFORMATION |
| fixed length control field |
240822s2025 flu b 001 0 eng |
| 010 ## - LIBRARY OF CONGRESS CONTROL NUMBER |
| LC control number |
2024013222 |
| 020 ## - INTERNATIONAL STANDARD BOOK NUMBER |
| International Standard Book Number |
9781032745176 |
| 035 ## - SYSTEM CONTROL NUMBER |
| System control number |
23834510 |
| 040 ## - CATALOGING SOURCE |
| Original cataloging agency |
DLC |
| Language of cataloging |
eng |
| Description conventions |
rda |
| Transcribing agency |
DLC |
| Modifying agency |
DLC |
| 042 ## - AUTHENTICATION CODE |
| Authentication code |
pcc |
| 050 00 - LIBRARY OF CONGRESS CALL NUMBER |
| Classification number |
QA 76.9 .C65 .D53 |
| 082 00 - DEWEY DECIMAL CLASSIFICATION NUMBER |
| Classification number |
003/.3 |
| Edition number |
23/eng/20240907 |
| 100 ## - MAIN ENTRY--PERSONAL NAME |
| Personal name |
Daniel, A. (editor) |
| 245 00 - TITLE STATEMENT |
| Title |
Digital twin technology and applications / |
| Statement of responsibility, etc |
edited by A. Daniel, Srinivasan Sriramulu, N. Partheeban, and Santhosh Jayagopalan. |
| 263 ## - PROJECTED PUBLICATION DATE |
| Projected publication date |
2410 |
| 264 #1 - PUBLICATION, DISTRIBUTION, ETC. (IMPRINT) |
| Place of publication, distribution, etc |
Boca Raton, FL : |
| Name of publisher, distributor, etc |
CRC Press, |
| Date of publication, distribution, etc |
2025. |
| 300 ## - PHYSICAL DESCRIPTION |
| Extent |
x, 390p. ill. |
| 336 ## - CONTENT TYPE |
| Content type term |
text |
| Content type code |
txt |
| Source |
rdacontent |
| 337 ## - MEDIA TYPE |
| Media type term |
unmediated |
| Media type code |
n |
| Source |
rdamedia |
| 338 ## - CARRIER TYPE |
| Carrier type term |
volume |
| Carrier type code |
nc |
| Source |
rdacarrier |
| 504 ## - BIBLIOGRAPHY, ETC. NOTE |
| Bibliography, etc |
Includes bibliographical references and index. |
| 505 2# - FORMATTED CONTENTS NOTE |
| Formatted contents note |
Digital Twin past, present and future / Sermakani A, Radhika, and Sujatha V -- Digital twin types and design / Pallavi Jain, Sunil Kumar Boran, Bhairvee Singh, and Pankaj Singh -- Real issues, opportunities, and open investigations in Digital Twins / V Sheeja Kumari, T Manikandan, Carmel Mary Belinda M J, A Selva Kumar, and K Prabu. |
| 520 ## - SUMMARY, ETC. |
| Summary, etc |
"The Fourth Industrial Revolution is being accelerated by the digital twin technological revolution, which converges intelligent technologies and defines the connectivity between physical and digital items. The Internet of Things (IoT) connects the real and digital worlds, allowing connected items to deliver a vast array of services to internet users. IoT devices create large amounts of data that may be fed into AI systems for decision-making. In a decentralized architecture, digital twin technology may be utilized to protect platforms and create smart contracts. Digital twins decentralized ledger, immutability, self-sovereign identification, and consensus procedures hold a lot of promise for improving AI algorithms. Furthermore, leveraging smart contracts in a digital twin system to facilitate user interaction via IoT might have a big influence, and this integrated platform is expected to revolutionize many fields. Digital Twin Technology and Applications examines the problems, issues, and solutions for using Big Data to enable streaming services using IoT and AI with Digital Twin technology. The IoT network concept is the key to success, and to establish a solid IoT platform on which large data transmission may take place, it must handle protocol, standards, and architecture. The book provides insight into the principles and techniques of IoT and AI. It explores the idea of using blockchain to provide security in a variety of sectors. The book also covers the application of integrated technologies to strengthen data models, improve insights and discoveries, innovate audit systems, as well as digital twin technology application to intelligent forecasting, smart finance, smart retail, global verification, and transparent governance"-- |
| Assigning source |
Provided by publisher. |
| 650 #0 - SUBJECT ADDED ENTRY--TOPICAL TERM |
| Topical term or geographic name as entry element |
Digital twins (Computer simulation) |
| 650 #0 - SUBJECT ADDED ENTRY--TOPICAL TERM |
| Topical term or geographic name as entry element |
Internet of things. |
| 650 #0 - SUBJECT ADDED ENTRY--TOPICAL TERM |
| Topical term or geographic name as entry element |
Artificial intelligence. |
| 650 #0 - SUBJECT ADDED ENTRY--TOPICAL TERM |
| Topical term or geographic name as entry element |
Industry 4.0. |
| 700 1# - ADDED ENTRY--PERSONAL NAME |
| Personal name |
Daniel, A., |
| Dates associated with a name |
1988- |
| Relator term |
editor. |
| 700 1# - ADDED ENTRY--PERSONAL NAME |
| Personal name |
Sriramuli, Srinivasan, |
| Relator term |
editor. |
| 700 1# - ADDED ENTRY--PERSONAL NAME |
| Personal name |
Partheeban, N. |
| Fuller form of name |
(Nagappan), |
| Relator term |
editor. |
| 700 1# - ADDED ENTRY--PERSONAL NAME |
| Personal name |
Jayagopalan, Santhosh, |
| Relator term |
editor. |
| 906 ## - LOCAL DATA ELEMENT F, LDF (RLIN) |
| a |
7 |
| b |
cbc |
| c |
orignew |
| d |
1 |
| e |
ecip |
| f |
20 |
| g |
y-gencatlg |
| 942 ## - ADDED ENTRY ELEMENTS (KOHA) |
| Source of classification or shelving scheme |
Library of Congress Classification |
| Koha item type |
Books |